O politice devizového kursu.

Dva názory na devízový kurz. Devízový kurz ako "rovnovážna cena" vyrovnávajúca ponuku a dopyt. Devalvácia devízového kurzu ako výraz snahy o nastolenie vonkajšej a vnútornej rovnováhy. Devízový kurz ako východisko pri voľbe makroekonomickej stratégie. Charakteristika a význam rovnovážneho devízového...

Descripción completa

Guardado en:
Detalles Bibliográficos
Autor principal: Bureš, J.
Formato: Capítulo de libro
Lenguaje:checo
Materias:
Etiquetas: Agregar Etiqueta
Sin Etiquetas, Sea el primero en etiquetar este registro!

MARC

LEADER 00000naa a2200000 4500
001 r004529
005 20221125081221.4
041 0 |a cze 
044 |a [CS] 
245 1 0 |a O politice devizového kursu.  |c J. Bureš 
520 |a Dva názory na devízový kurz. Devízový kurz ako "rovnovážna cena" vyrovnávajúca ponuku a dopyt. Devalvácia devízového kurzu ako výraz snahy o nastolenie vonkajšej a vnútornej rovnováhy. Devízový kurz ako východisko pri voľbe makroekonomickej stratégie. Charakteristika a význam rovnovážneho devízového kurzu. 
610 2 0 |a kurz devízový 
610 2 0 |a politika devízová 
610 2 0 |a ponuka 
610 2 0 |a dopyt 
610 2 0 |a ceny 
610 2 0 |a stratégia hospodárska 
100 1 |a Bureš, J.